| 000 | 01021nam a22002777a 4500 | ||
|---|---|---|---|
| 003 | DO-SdBNP | ||
| 005 | 20250919112546.0 | ||
| 007 | ta | ||
| 008 | 210304b2020 dr ||||| |||| 00| 0 spa d | ||
| 020 | _a9789945610321 | ||
| 040 |
_aDO-SdBNP _bspa _cBNPHU |
||
| 082 | 4 |
_a342.7293 _bA185t _222 |
|
| 100 | 1 |
_aAcosta de los Santos, Hermógenes _949375 |
|
| 245 | 1 | 3 |
_aEl Tribunal Constitucional Dominicano y los procesos constitucionales / _cHermógenes Acosta de los Santos. |
| 260 |
_aSanto Domingo : _bTribunal Constitucional de la República Dominicana, _c2020. |
||
| 300 |
_a291 p. ; _c24 cm. |
||
| 490 | _aJudex | ||
| 500 | _aIncluye referencias bibliográficas y notas al pie de las páginas | ||
| 500 | _aIncluye datos biográficos del autor en las solapas | ||
| 590 | _aInventariado, 2021 / DG | ||
| 650 | 1 | 4 |
_aProcesos (Derecho) _981218 |
| 710 | 1 |
_aRepública Dominicana. _bCorte de Constitucionalidad _971191 |
|
| 830 | 0 |
_nJudex _980281 |
|
| 910 | _aDG/Validado. Control de calidad MFF | ||
| 942 |
_2ddc _cLBS1 |
||
| 999 |
_c49494 _d49494 |
||